书目信息 |
| 题名: |
基因治疗
|
|
| 作者: | 卢大儒 编著 | |
| 分册: | ||
| 出版信息: | 北京 化学工业出版社 2003.01 |
|
| 页数: | 163页 | |
| 开本: | 20cm | |
| 丛书名: | 高新技术科普丛书 | |
| 单 册: | ||
| 中图分类: | R394-49 | |
| 科图分类: | ||
| 主题词: | 医学遗传学 | |
| 电子资源: | ||
| ISBN: | 7-5025-4110-1 | |
| 000 | 00596nam0 2200217 45 | |
| 001 | 0458019191 | |
| 005 | 2004042816065845 | |
| 010 | @a7-5025-4110-1@dCNY 13.00 | |
| 100 | @a20040428d2003 km y0chiy0120 ea | |
| 101 | 0 | @achi |
| 102 | @aCN@b110000 | |
| 200 | 1 | @a基因治疗@AJi Yin Zhi Liao@f卢大儒编著@FLu Da Ru Bian Zhu |
| 210 | @a北京@c化学工业出版社@d2003.01 | |
| 215 | @a163页@d20cm | |
| 225 | 2 | @a高新技术科普丛书 |
| 410 | 0 | @12001 @a高新技术科普丛书 |
| 606 | 0 | @a医学遗传学 |
| 690 | @aR394-49@v3 | |
| 701 | 0 | @a卢大儒@ALu Da Ru@4编著 |
| 801 | 0 | @aCN@bPFT@c20040428 |
| 905 | @dR394-49@eL781 | |
| 基因治疗/卢大儒编著.-北京:化学工业出版社,2003.01 |
| 163页;20cm.-(高新技术科普丛书) |
| ISBN 7-5025-4110-1:CNY 13.00 |
| ● |
| 相关链接 |
|
|
|
正题名:基因治疗
索取号:R394-49/L781
 
预约/预借
| 序号 | 登录号 | 条形码 | 馆藏地/架位号 | 状态 | 备注 |
| 1 | 390476 | 203904766 | 自科库401/401自科库 15排2列2层/ [索取号:R394-49/L781] | 在馆 | |
| 2 | 390477 | 203904775 | 自科库401/401自科库 15排2列2层/ [索取号:R394-49/L781] | 在馆 | |
| 3 | 390478 | 203904784 | 自科库401/401自科库 15排2列2层/ [索取号:R394-49/L781] | 在馆 |